Library Banner
Normal view MARC view

Entry Personal Name

Number of records used in: 1

001 - CONTROL NUMBER

  • control field: 4876

003 - CONTROL NUMBER IDENTIFIER

  • control field: PK-LaUMT

005 - DATE AND TIME OF LATEST TRANSACTION

  • control field: 20250228115853.0

008 - FIXED-LENGTH DATA ELEMENTS

  • fixed length control field: 250228|| aca||aabn | a|a d

040 ## - CATALOGING SOURCE

  • Original cataloging agency: PK-LaUMT
  • Transcribing agency: PK-LaUMT

100 ## - HEADING--PERSONAL NAME

  • Personal name: Kurniawan, Agus

670 ## - SOURCE DATA FOUND

  • Source citation: Work cat.: (PK-LaUMT)137016: Kurniawan, Agus, IoT projects with arduino nano 33 BLE sense /, 2021